| 000 | 00720nam a22002297a 4500 | ||
|---|---|---|---|
| 005 | 20170124105945.0 | ||
| 010 | _aB-035201 | ||
| 020 | _c00.00 | ||
| 035 | _aA-711445 | ||
| 037 | _bCen Lib/Ret | ||
| 040 |
_aDPL _bEN |
||
| 082 |
_a260.21 _bPAS |
||
| 100 |
_aPashaura singh _912039 |
||
| 245 |
_aThe guru granth sahib : _cby Pashaura singh _bcanon meaning and authority / |
||
| 260 |
_a New Delhi _bOxford university press _c2000 |
||
| 270 |
_aYMCA library building Jai singh road _b New Delhi _e110001 |
||
| 300 |
_axxiv,318p. _c21cm(Hb) |
||
| 500 | _aincludes bibliographical reference and index | ||
| 650 |
_aSikhism _93669 |
||
| 650 |
_aĀdi-Granth _954137 |
||
| 942 |
_2ddc _cEN _h260.21 _mPAS |
||
| 999 |
_c124816 _d124816 |
||